BASIC MATRIX THEOREMS FOR Z-CONVERGENCE IN (l)-GROUPS

Bibliographic Details
Main Authors: Boccuto, A. (Author), Dimitriou, X. (Author), Papanastassiou, N. (Author)
Format: Article
Language:English

MARC

LEADER 00000nab a2200000uu 4500
001 vtls011450942
003 SK-MaSNL
005 20260303151358.0
008 230222|2012 xo |||||||||||||||||eng|
015 |a SNBRB 
035 |a (urnnbn)urn:nbn:sk:snk:ar-006k6x 
035 |a (uuid)8cd7c7f7-f1e9-4fd7-8c8d-e655bb0e614c 
035 |a urn:nbn:sk:snk-abcn0l 
040 |a SNKBUCL  |b slo  |c SNKBUCL  |e AACR2 
041 0 |a eng 
044 |a xo  |c SK 
100 1 |a Boccuto, A.  |4 aut  |9 1170874 
245 1 0 |a BASIC MATRIX THEOREMS FOR Z-CONVERGENCE IN (l)-GROUPS  |c A. Boccuto, X. Dimitriou, N. Papanastassiou 
700 1 |a Dimitriou, X.  |4 aut  |9 1170875 
700 1 |a Papanastassiou, N.  |4 aut  |9 1170876 
773 0 |t Mathematica Slovaca  |g Roč. 62, č. 5 (2012), s. [885]-908 
958 |a OND 
958 |a EUIPO 
958 |a article16 
999 |c 2017441  |d 2019371